00409 2200157 4500001002100000008004100021035002000062245005700082100002100139250000600160260003700166084001400203082000800217650001400225990001200239INLIS000000000001544 ind  a0010-0125000042 aEnsiklopedia Negara-Negara Di DuniacAmir F. Hidayat aHidayat, Amir F. a1 aBandung :bPustaka Grafikac2006 a900 AMI e a900 aNon Fiksi a0715293